|
|
|
|
| LEADER |
01010nam a2200277 4500 |
| 001 |
000014428 |
| 003 |
10793 |
| 005 |
20120426140435.0 |
| 008 |
120426s1982 viesd |
| 041 |
0 |
|
|a vie
|
| 082 |
|
|
|a 959.703
|b PH-C
|
| 100 |
0 |
|
|a Phan Bội Châu
|
| 245 |
1 |
0 |
|a Những tác phẩm của Phan Bội Châu
|c Phan Bội Châu
|n Tập 1
|p Việt Nam vong quốc sử. Việt Nam quốc sử khảo
|
| 260 |
|
|
|a H.
|b Khoa học xã hội
|c 1982
|
| 300 |
|
|
|a 310 tr.
|c 19 cm.
|
| 773 |
|
|
|t Những tác phẩm của Phan Bội Châu
|w 10791
|
| OWN |
|
|
|a LSP
|
| AVA |
|
|
|a UDN50
|b LSP
|d 959.703 PH-C
|e available
|t Error 5001 Not defined in file expand_doc_bib_avail.
|f 2
|g 0
|h N
|i 0
|k 1
|
| 999 |
|
|
|a From the UDN01
|
| AVA |
|
|
|a UDN50
|b LSP
|d 959.703 PH-C
|e available
|t Error 5001 Not defined in file expand_doc_bib_avail.
|f 2
|g 0
|h N
|i 0
|k 1
|
| TYP |
|
|
|a Monograph
|
| TYP |
|
|
|a Printed language
|
| 980 |
|
|
|a Mạng thư viện Đại học Đà Nẵng
|